000 01057nam0a22002651 4500
001 v19\rc\1962968
005 20251118181020.4
035 _a(NLR Aleph) 005046524
090 _a6849204
_c6849204
100 _a20080428d1913 u y0rusy50 ca
101 0 _arus
102 _aRU
105 _ay z |||||
200 1 _aДревняя история в вопросах и ответах
_eПовтор. курс для тех классов низш. и сред. учеб. заведений, в прогр. которых входит преподавание древ. истории, [а в особенности для учащихся не рус. происхождения]
_fЯ. Франц
210 _aБобруйск
_cскоропеч. З.Х. Стольберга
_d1913
215 _a[2], 71 с.
_d20
700 1 _aФранц
_bЯ.
801 0 _aRU
_bNLR
_gpsbo
801 0 _aRU
_bRuMoRGB
_2psbo
801 1 _aRU
_bProSoft-M
_2rusmarc
852 _aNLR
_j43.15.9.433
899 _aRuMoRGB
_jV 273/169
899 _aБАН
942 _cBOOK
980 _aNB